Universidad sector productivo: nuevas formas de vinculación parques tecnológicos e incubadoras

Guardat en:
Dades bibliogràfiques
Autor principal: Martínez Pavez, Carlos (autor)
Format: Llibre
Idioma:espanyol
Publicat: Santiago CINDA 1993
Matèries:
Etiquetes: Afegir etiqueta
Sense etiquetes, Sigues el primer a etiquetar aquest registre!

MARC

LEADER 00000nam a2200000 a 4500
001 UCU5418
003 CL-VaPUC
008 960604e19930000CL |||||||||||||||||spa|d
082 0 4 |a 303.483  |b MAR  |2 21 
100 |a Martínez Pavez, Carlos  |e autor  |9 363420 
245 1 0 |a Universidad sector productivo: nuevas formas de vinculación parques tecnológicos e incubadoras 
300 |a 106 p 
942 |c BK 
945 |d 19960604 00:00:00  |a rbrito 
260 |a Santiago  |b CINDA  |c 1993 
650 0 |a Educación superior   |9 223851 
650 0 |a Ciencia y tecnología  |9 260585 
650 0 |a Industrias   |9 263688 
650 0 |a Empresas   |9 255569 
583 |a last modification  |c 19960604 00:00:00  |k Rodrigo Vera 
999 |c 248787  |d 248785 
952 |0 0  |1 0  |4 0  |6 303_483000000000000_MAR_1993  |7 0  |8 A  |9 265642  |a BIBENE  |b BIBENE  |d 2019-11-19  |i 3200973  |o 303.483 MAR 1993  |p 3200973  |r 2025-01-15  |w 2019-11-19  |y BK  |k ICO